00339pab a2200133 454500008004000000100001900040245004500059260000900104300001300113362000900126650002900135650002100164773002000185180718b2010 xxu||||| |||| 00| 0 eng d aMulimani, V.H. aHigher education in India at cross roads c2010 ap.1-5,8. a1Mar aHigher education - India aHigher education aUniversity News